| 000 | 00858nam a22001817a 4500 | ||
|---|---|---|---|
| 999 |
_c371870 _d371870 |
||
| 008 | 201127b ||||| |||| 00| 0 eng d | ||
| 040 |
_aDE-2950 _bger _cDE-2950 _erda |
||
| 041 | _ager | ||
| 245 |
_aBesondere Ehre zum Abschied. _bViadrina-Präsidentin Julia von Blumenthal, die im Oktober an die Humboldt-Universität wechselt, durfte sich am Dienstag vor dem Lounge-Konzert in das Goldene Buch der Stadt Frankfurt (Oder) eintragen. / _cFoto: Winfried Mausolf |
||
| 264 | _c2022 | ||
| 653 | _aBlumenthal, Julia von; Politologin, 1970- | ||
| 653 | _aEuropa-Universität Viadrina / Präsidentin 2018-2022 | ||
| 773 |
_dFrankfurt (Oder) Märkisches Verlags- und Druckhaus GmbH & Co KG _tMärkische Oderzeitung _g33. Jahrgang (2022) Nr. 221 vom 21.09.2022, S. 13: Abb. |
||
| 942 | _cA | ||